|
|
|
|
| LEADER |
00000cam a22000004a 4500 |
| 001 |
musev2_8798 |
| 003 |
MdBmJHUP |
| 005 |
20230905041007.0 |
| 006 |
m o d |
| 007 |
cr||||||||nn|n |
| 008 |
950321s1995 wiu o 00 0 eng d |
| 010 |
|
|
|z 95012293
|
| 020 |
|
|
|a 9780299147532
|
| 020 |
|
|
|z 9780299147501
|
| 020 |
|
|
|z 0299147533
|
| 020 |
|
|
|z 0299147509
|
| 035 |
|
|
|a (OCoLC)835455526
|
| 040 |
|
|
|a MdBmJHUP
|c MdBmJHUP
|
| 043 |
|
|
|a n-us-nv
|
| 050 |
0 |
4 |
|a HV6711
|b .F37 1995
|
| 082 |
0 |
|
|a 364.1/06/09793
|2 20
|
| 100 |
1 |
|
|a Farrell, Ronald A.
|
| 245 |
1 |
4 |
|a The Black Book and the Mob :
|b The Untold Story of the Control of Nevada's Casinos /
|c Ronald A. Farrell and Carole Case.
|
| 264 |
|
1 |
|a Madison, Wis. :
|b University of Wisconsin Press,
|c 1995.
|
| 264 |
|
3 |
|a Baltimore, Md. :
|b Project MUSE,
|c 2012
|
| 264 |
|
4 |
|c ©1995.
|
| 300 |
|
|
|a 1 online resource:
|b ill. ;
|
| 336 |
|
|
|a text
|b txt
|2 rdacontent
|
| 337 |
|
|
|a computer
|b c
|2 rdamedia
|
| 338 |
|
|
|a online resource
|b cr
|2 rdacarrier
|
| 504 |
|
|
|a Includes bibliographical references (p. 264-275) and index.
|
| 588 |
|
|
|a Description based on print version record.
|
| 650 |
|
0 |
|a Gambling and crime
|z Nevada.
|
| 650 |
|
0 |
|a Gambling
|z Nevada.
|
| 650 |
|
0 |
|a Organized crime
|z Nevada.
|
| 650 |
|
0 |
|a Casinos
|z Nevada.
|
| 655 |
|
7 |
|a Electronic books.
|2 local
|
| 700 |
1 |
|
|a Case, Carole,
|d 1942-
|
| 710 |
2 |
|
|a Project Muse.
|e distributor
|
| 830 |
|
0 |
|a Book collections on Project MUSE.
|
| 856 |
4 |
0 |
|z Texto completo
|u https://projectmuse.uam.elogim.com/book/8798/
|
| 945 |
|
|
|a Project MUSE - Custom Collection
|
| 945 |
|
|
|a Project MUSE - Archive Complete Foundation
|
| 945 |
|
|
|a Project MUSE - Archive US Regional Studies, West Foundation
|